000 01298nam a2200301 a 4500
008 110704s2010 ag ||||f |||| 000 0 spa d
020 _a9789506023331
041 _aspa
092 _c306
_l47
_sLEB
100 1 _aLe Breton, David
_979
245 _aAntropología del cuerpo y modernidad /
_cDavid Le Breton
250 _a1a ed. 5a reimp.
_bTraducción Paula Mahler
260 _aBuenos Aires:
_bNueva Visión;
_c2010.
300 _a256 p.
_c22x15 cm.
500 _aLe Breton, D. (2010). Antropología del cuerpo y modernidad. (1a ed.). Buenos Aires : Nueva Visión.
590 _aCompra FACIMED 2011
653 _aInaprehensibilidad del cuerpo
653 _aRepresentación moderna del cuerpo:el hombre anatomizado
653 _aOrigenes de una representación moderna del cuerpo: el cuerpo máquina
653 _aEstésica de la vida cotidiana
653 _aBorramiento ritualizado o integración del cuerpo
653 _aEnvejecimiento intolerable: el cuepro deshecho
653 _aHombre y su doble: cuerpo alter ego
653 _aMedicina y medicinas: de una concepción del cuerpo a concepciones del hombre
653 _ajeroglíficos de luz: de las imágenes médicas al imaginario del cuerpo
653 _aCamino de la sospecha: el cuerpo y la modernidad
942 _2ddc
_cBK
999 _c858
_d858